Konštrukčný návrh plošiny pre potreby merania v automobilovom priemysle

Gespeichert in:
Bibliographische Detailangaben
1. Verfasser: Tran Thanh, Long (Verfasst von)
Weitere Verfasser: Milesich, Tomáš (Betreuung Doktorarbeit)
Format: Manuskript Buch
Sprache:Slowakisch
Veröffentlicht: 2025
Schlagworte:
Online-Zugang:http://is.stuba.sk/zp/portal_zp.pl?podrobnosti=185144
Tags: Tag hinzufügen
Keine Tags, Fügen Sie das erste Tag hinzu!

MARC

LEADER 00000ntm a22000003a 4500
001 stuzp106412
003 SK-STU
005 20250621210726.2
007 ta
008 150427s2015----xo-----f-mn---000-0-slo-d
040 |a STU  |b slo 
041 0 |a slo 
100 1 |a Tran Thanh, Long  |u 020030  |4 aut  |U SjF Strojnícka fakulta  |T SjF Ústav automobilového inžinierstva a konštruovania  |X 112134  |U J0030  |Y 806  |7 112134 
242 0 1 |a Design of a Platform for Measurement Applications in the Automotive Industry  |y eng 
245 1 0 |a Konštrukčný návrh plošiny pre potreby merania v automobilovom priemysle 
260 |c 2025 
650 4 |a plošina  |2 slo 
650 4 |a platforma  |2 slo 
650 4 |a hydraulický  |2 slo 
650 4 |a work platform  |2 eng 
650 4 |a hydraulic  |2 eng 
650 4 |a modular  |2 eng 
700 1 |a Milesich, Tomáš  |u 020030  |k Z1  |4 ths  |U SjF Strojnícka fakulta  |T SjF Ústav automobilového inžinierstva a konštruovania  |X 49630  |U J0030  |Y 806  |7 A000049630 
856 4 |u http://is.stuba.sk/zp/portal_zp.pl?podrobnosti=185144